[Event "43rd Doeberl Cup"]
[Site "Canberra AUS"]
[Date "2005.03.25"]
[Round "2"]
[White "Rogers,I"]
[Black "Hoffmann,Ac"]
[Result "1-0"]
[WhiteElo "2594"]
[BlackElo "2190"]

1.d4 Nf6 2.Bg5 e6 3.e4 Be7 4.Nc3 Nxe4 5.Bxe7 Nxc3 6.Bxd8 Nxd1 7.Bxc7 Nxb2
8.Bd6 Na4 9.Kd2 Nc6 10.Nf3 f6 11.Rb1 Nb6 12.c4 Nd8 13.a4 Nf7 14.Bc7 d6 15.a5 Nd7
16.Bd3 Nf8 17.Be4 Ng6 18.a6 b6 19.Bxa8 Kd7 20.Bxb6 Bxa6 21.Ra1 Rxa8 22.Rxa6  1-0

[Event "XXXXII Open"]
[Site "La Roda ESP"]
[Date "2005.03.25"]
[Round "5"]
[White "Ibarra Jerez,JC"]
[Black "Antoli Royo,J"]
[Result "1-0"]
[WhiteElo "2434"]
[BlackElo "2238"]

1.d4 Nf6 2.Bg5 e6 3.e4 c5 4.d5 d6 5.Bb5+ Nbd7 6.dxe6 fxe6 7.e5 Qa5+ 8.Nc3 Ne4
9.Qg4 Nxg5 10.Qxg5 a6 11.Bxd7+ Bxd7 12.exd6 Bxd6 13.O-O-O Qc7 14.Nf3 Bc6
15.Rhe1 O-O 16.Rxe6 Rad8 17.Rdxd6 Rxd6 18.Re7 Qxe7 19.Qxe7 Rg6 20.g3 Re8
21.Qxc5 Rh6 22.Ng5 Rxh2 23.Qc4+  1-0

[Event "Open"]
[Site "Coventry ENG"]
[Date "2005.03.26"]
[Round "5"]
[White "Fowler,S"]
[Black "Gourlay,I"]
[Result "1-0"]
[WhiteElo "2116"]
[BlackElo "2304"]

1.d4 Nf6 2.Bg5 e6 3.e4 h6 4.Bxf6 Qxf6 5.Nc3 Bb4 6.Qd3 d5 7.e5 Qd8 8.a3 Be7
9.Qg3 O-O 10.Nh3 c5 11.dxc5 Bxc5 12.Bd3 Nc6 13.O-O Bd7 14.Kh1 Bd4 15.f4 Bxc3
16.bxc3 Rc8 17.Nf2 Ne7 18.Rab1 b6 19.Qh3 Ng6 20.Nd1 Qh4 21.Bxg6 Qxh3 22.Bxf7+ Rxf7
23.gxh3 Rcf8 24.Rb4 Bc6 25.Rd4 g5 26.Rg1 Rxf4 27.h4 Rxh4 28.Ne3 Rff4 29.Ng4 Rxd4
30.cxd4 Rh3 31.Rf1 h5 32.Nh6+ Kg7 33.Nf7 Bb5 34.Rf6 g4 35.Ng5 Rxa3 36.Nxe6+ Kg8
37.Nf4 Ra4 38.c3 Ra1+ 39.Kg2 Ra2+ 40.Kg3 Rc2 41.Nxd5 Bc4 42.Ne7+ Kg7 43.Nf5+ Kg8
44.e6 Rxc3+ 45.Kh4 Bb5 46.Kg5 Rf3  1-0

[Event "Open"]
[Site "Coventry ENG"]
[Date "2005.03.27"]
[Round "7"]
[White "Walton,A"]
[Black "Greet,A"]
[Result "1/2-1/2"]
[WhiteElo "2181"]
[BlackElo "2389"]

1.d4 Nf6 2.Bg5 e6 3.e4 h6 4.Bxf6 Qxf6 5.Nc3 Bb4 6.Qd2 d5 7.Bd3 c5 8.a3 Bxc3
9.Qxc3 Qxd4 10.Qxd4 cxd4 11.exd5 exd5 12.Ne2 Nc6 13.Bb5  1/2-1/2

[Event "Open"]
[Site "Coventry ENG"]
[Date "2005.03.28"]
[Round "9"]
[White "Walton,A"]
[Black "Wells,P"]
[Result "0-1"]
[WhiteElo "2181"]
[BlackElo "2519"]

1.d4 Nf6 2.Bg5 e6 3.e4 h6 4.Bxf6 Qxf6 5.c3 d6 6.Nd2 g6 7.Bd3 Bg7 8.Ne2 e5
9.O-O O-O 10.d5 c6 11.c4 h5 12.Nc3 Bh6 13.Nb3 c5 14.Be2 Kh7 15.Qd3 Nd7 16.Qf3 Qe7
17.g3 h4 18.Qg2 f5 19.Bd3 f4 20.Be2 h3 21.Qh1 Nf6 22.Qf3 a6 23.Qd3 Bd7 24.a4 Rf7
25.Nd2 Raf8 26.Rab1 Nh5 27.Nf3 Bg4 28.b4 cxb4 29.Rxb4 fxg3 30.fxg3 Bxf3 31.Bxf3 Qg5
32.Nd1 Nxg3  0-1

[Event "Open"]
[Site "Coventry ENG"]
[Date "2005.03.28"]
[Round "9"]
[White "Fowler,S"]
[Black "Buckley,D"]
[Result "1/2-1/2"]
[WhiteElo "2116"]
[BlackElo "2223"]

1.d4 Nf6 2.Bg5 e6 3.e4 h6 4.Bxf6 Qxf6 5.Nc3 Bb4 6.Qd3 b6 7.e5 Qd8 8.f4 Ba6
9.Qf3 Bxc3+ 10.Qxc3 Bxf1 11.Kxf1 d5 12.Nf3 Qe7 13.Qd2 c5 14.c3 Nc6 15.Kf2 O-O
16.Rhf1 cxd4 17.cxd4 Qb4 18.Rfd1 Rac8 19.Rac1 Qa4 20.b3 Qa3 21.Kg1 Nb4 22.f5 exf5
23.Nh4 Rxc1 24.Rxc1 f4 25.Rf1 Nc6 26.Qxf4 Nd8 27.h3  1/2-1/2

[Event "3rd ch-GER Internet Blitz Candidates"]
[Site "playchess INT"]
[Date "2005.04.02"]
[Round "3"]
[White "Gramlich,S"]
[Black "Kostic,Vl"]
[Result "1-0"]
[WhiteElo "2064"]
[BlackElo "2439"]

1.d4 Nf6 2.Bg5 e6 3.e4 h6 4.Bxf6 Qxf6 5.Qd2 d6 6.Nc3 g6 7.f4 Bg7 8.Nf3 Qe7
9.e5 Bd7 10.Bd3 d5 11.O-O-O a6 12.g4 Nc6 13.f5 gxf5 14.gxf5 Bf8 15.a3 O-O-O
16.f6 Qe8 17.Rhg1 Kb8 18.Qe2 Na7 19.h4 c5 20.dxc5 Rc8 21.h5 Bxc5 22.Rg7 Bf8
23.Qd2 Nc6 24.Rdg1 Nd8 25.Ne2 Ba4 26.Kb1 Ka7 27.Ned4 Bc5 28.R1g2 Nc6 29.c3 Nxd4
30.cxd4 Bb6 31.Qb4 Bb5 32.Bxb5 axb5 33.Qd2 Rc7 34.Ne1 Qc6 35.Nc2 Qc4 36.Rg8 Rxg8
37.Rxg8 Qf1+ 38.Ka2 Qc4+ 39.Kb1 Qf1+ 40.Ka2 Qf5 41.Nb4 Qxh5 42.Qd3 Qh1 43.Qxb5 Qd1
44.Rf8 Qxd4 45.Qa4+  1-0

[Event "3rd ch-GER Internet Blitz Candidates"]
[Site "playchess INT"]
[Date "2005.04.02"]
[Round "5"]
[White "Koepke,C"]
[Black "Reich,T"]
[Result "0-1"]
[WhiteElo "2226"]
[BlackElo "2406"]

1.d4 Nf6 2.Bg5 e6 3.Nd2 d5 4.Ngf3 Be7 5.e3 c5 6.c4 cxd4 7.exd4 Nc6 8.cxd5 Nxd5
9.Bxe7 Qxe7 10.Bd3 O-O 11.O-O g6 12.Nc4 b6 13.Nce5 Nxe5 14.Nxe5 Bb7 15.Qg4 Nb4
16.Bc4 Nc6 17.Nf3 Rad8 18.Rad1 Nb4 19.a3 Bxf3 20.Qxf3 Nd5 21.Bb3 Kg7 22.g3 Qf6
23.Qe4 h5 24.h4 Rd7 25.Rc1 Rfd8 26.Rc4 Ne7 27.Rfc1 Nf5 28.Rc7 Nxd4 29.Ba4 b5
30.Bd1 Nf5 31.Bf3 Qxb2 32.Kg2 Qf6 33.Qb7 Rxc7 34.Rxc7 Rd2 35.Qxa7 Nd4 36.Qb7 Nxf3
37.Qxf3 Qxf3+ 38.Kxf3 Rd3+ 39.Ke4 Rxa3 40.Rb7 Rb3 41.Ke5 Rb2 42.f3 Rb3 43.Ke4 Kf6
44.g4 Rb4+ 45.Ke3 hxg4 46.f4 Rb3+ 47.Ke4 g3 48.h5 gxh5 49.f5 g2 50.fxe6 g1=Q
51.Rxf7+ Kxe6 52.Rf2 Re3+ 53.Kxe3 b4 54.Kf3 Qxf2+ 55.Kxf2 b3  0-1

[Event "3rd ch-GER Internet Blitz Candidates"]
[Site "playchess INT"]
[Date "2005.04.02"]
[Round "8"]
[White "Koepke,C"]
[Black "Rachut,S"]
[Result "1-0"]
[WhiteElo "2226"]
[BlackElo "2068"]

1.d4 Nf6 2.Bg5 e6 3.Nd2 h6 4.Bh4 g5 5.Bg3 Bg7 6.h4 g4 7.e4 d6 8.e5 dxe5 9.dxe5 Nd5
10.Qxg4 Rg8 11.Bd3 Kf8 12.Qe2 Nc6 13.c3 Nce7 14.Ngf3 c5 15.O-O Qc7 16.Nc4 Bd7
17.Rfe1 b5 18.Nd6 c4 19.Be4 Bc6 20.Rad1 Rd8 21.Bh7 Rh8 22.Bc2 a5 23.Ne4 Nf5
24.Bh2 Qb6 25.Ng3 Nfe7 26.Nh5 b4 27.Nxg7 Kxg7 28.cxb4 Nxb4 29.Qxc4 Nxc2 30.Qxc2 Bxf3
31.gxf3 Nd5 32.Kh1 Kg8 33.Qe4 Kf8 34.Rg1 Qxf2 35.Qg4 Ke7 36.Bg3 Qe3 37.Rde1 Qc5
38.Qe4 Rhg8 39.Re2 Rb8 40.Bf2 Rxg1+ 41.Bxg1 Qc1 42.Rc2 Qf1 43.Qe2 Qh3+ 44.Bh2 Qxh4
45.Qf2 Qb4 46.Qa7+ Rb7 47.Qf2 Qb6 48.Bg1 Qxf2 49.Bxf2 Kd7 50.Bc5 h5 51.Kg2 Rb8
52.Kh3 Rg8 53.Bd6 Rg5 54.Kh4 Rf5 55.a3 Rxf3 56.Kxh5 Rf5+ 57.Kg4 Rf4+ 58.Kg3 Re4
59.Rf2 f6 60.Bb8 f5 61.Rh2 f4+ 62.Kf3 Kc6 63.Kxe4 Kb5 64.Rc2 Ka4 65.Rc8 Kb3
66.Re8 Kxb2 67.Rxe6 Nc3+ 68.Kxf4 Kxa3 69.Kf5 Nb5 70.Ra6 Ka4 71.Rxa5+ Kxa5
72.e6 Ka4 73.Kf6 Na3 74.e7  1-0

[Event "3rd ch-GER Internet Blitz Candidates"]
[Site "playchess INT"]
[Date "2005.04.02"]
[Round "9"]
[White "Gramlich,S"]
[Black "Margoline,B"]
[Result "1/2-1/2"]
[WhiteElo "2064"]
[BlackElo "2427"]

1.d4 Nf6 2.Bg5 e6 3.e4 c5 4.d5 h6 5.Bxf6 Qxf6 6.Nc3 e5 7.Nf3 d6 8.a4 Be7
9.Bb5+ Bd7 10.O-O O-O 11.Nd2 Qg6 12.Qf3 Bg4 13.Qg3 a6 14.Be2 Bc8 15.Qxg6 fxg6
16.Nc4 Nd7 17.a5 Rb8 18.Bg4 h5 19.Be6+ Kh7 20.f3 Rd8 21.Rfb1 Bg5 22.Kf2 Nf8
23.Bxc8 Rbxc8 24.Na4 Rc7 25.Nab6 Nd7 26.Nxd7 Rdxd7 27.Ke2 Rd8  1/2-1/2

[Event "3rd ch-GER Internet Blitz Candidates"]
[Site "playchess INT"]
[Date "2005.04.02"]
[Round "10"]
[White "Heyken,E"]
[Black "Wornath,K"]
[Result "1/2-1/2"]
[WhiteElo "2331"]
[BlackElo "2388"]

1.d4 Nf6 2.Bg5 e6 3.Nd2 h6 4.Bh4 d5 5.e3 c5 6.c3 Nc6 7.Ngf3 Bd6 8.Bd3 O-O
9.O-O e5 10.dxc5 Bxc5 11.e4 Be7 12.exd5 Nxd5 13.Bxe7 Qxe7 14.Re1 f6 15.Nh4 Nf4
16.Bc4+ Kh7 17.g3 Ng6 18.Nxg6 Kxg6 19.Bd3+ f5 20.Nf3 e4 21.Nh4+ Kh7 22.Qh5 Qf7
23.Qxf7 Rxf7 24.Bc4 Rc7 25.Rad1 Ne5 26.Be2 Be6 27.Rd6 Re8 28.Ng2 Bxa2 29.Ra1 Bc4
30.Bh5 g6 31.Bd1 a6 32.Ne3 Bf7 33.Ra5 Rd7 34.Rxd7 Nxd7 35.h4 Re5 36.Ra4 Nc5
37.Rd4 Kg7 38.h5 g5 39.b4 Ne6 40.Rd7 b6 41.Bb3 a5 42.Nxf5+ Rxf5 43.Bxe6 Rf6
44.Bb3 Kf8 45.Bxf7 Rxf7 46.Rd6 Ra7 47.bxa5 bxa5 48.Rxh6 a4 49.Rd6 a3 50.Rd1 a2
51.Ra1 Ke7 52.Kf1 Ke6 53.Ke2 Kd5 54.h6 Kc4 55.h7 Rxh7 56.Rxa2 Kxc3 57.Ra5 g4
58.Re5 Kd4 59.Rf5 Rc7 60.Rf4 Rc2+ 61.Kf1 Kd3 62.Rxg4 e3 63.fxe3 Kxe3 64.Rg8 Kf3
65.Ke1 Re2+ 66.Kd1 Rg2 67.Kc1 Ke3 68.Rg7 Kd3 69.Kb1 Kc3 70.Rc7+ Kb3 71.Rb7+ Kc3
72.Rc7+ Kd4 73.Rd7+  1/2-1/2

[Event "3rd ch-GER Internet Blitz Candidates"]
[Site "playchess INT"]
[Date "2005.04.02"]
[Round "12"]
[White "Huch,R"]
[Black "Vuckovic,Alek"]
[Result "0-1"]
[WhiteElo "2325"]
[BlackElo "2325"]

1.d4 Nf6 2.Bg5 e6 3.e4 h6 4.Bxf6 Qxf6 5.Nc3 d6 6.Qd2 g5 7.Bc4 Bg7 8.Nge2 Nc6
9.Rd1 Bd7 10.O-O O-O-O 11.Nb5 a6 12.Na3 h5 13.c3 g4 14.b4 h4 15.f4 gxf3 16.Rxf3 Qg6
17.Bd3 Bh6 18.Qc2 Rhg8 19.Nf4 Qg4 20.Rdf1 Rg7 21.h3 Qg5 22.b5 axb5 23.Nxb5 Rdg8
24.R1f2 Kb8 25.Qa4 b6 26.Qc4 Rc8 27.Qb3 Na5 28.Qb4 Rgg8 29.d5 Bf8 30.Bf1 Bg7
31.Rb2 Be5 32.Nd3 Nb7 33.Qa4 Bxb5 34.Qxb5 exd5 35.Nb4 Na5 36.Nxd5 Nb7 37.Qa6 f5
38.Nb4 c5 39.Nd5 fxe4 40.Qxb6 Rg7 41.Re3 Bh2+ 42.Kxh2 Qxd5 43.Be2 Qe5+ 44.Kh1 d5  0-1

[Event "Weekender"]
[Site "Cork IRL"]
[Date "2005.04.03"]
[Round "5"]
[White "Palliser,R"]
[Black "Van Voorthuijsen,PW"]
[Result "1-0"]
[WhiteElo "2402"]
[BlackElo "2249"]

1.d4 Nf6 2.Bg5 e6 3.e4 h6 4.Bxf6 Qxf6 5.Nc3 Bb4 6.Qd3 c5 7.e5 Qe7 8.a3 cxd4
9.axb4 dxc3 10.bxc3 O-O 11.Nf3 Rd8 12.Qe4 f5 13.exf6 Qxf6 14.Bd3 Nc6 15.O-O Ne7
16.Qh7+ Kf7 17.Rae1 d6 18.Re3 Bd7 19.Nd4 Rh8 20.Qe4 d5 21.Qg4 g6 22.Nf3 Ke8
23.Ne5 h5 24.Qd4 Rf8 25.Rf3 Nf5 26.Bxf5 gxf5 27.Rg3 Qh8 28.Re1 Qh7 29.Qc5 Rc8
30.Qd6 Qe7 31.Qxe7+ Kxe7 32.Rg7+  1-0

[Event "It C"]
[Site "Dos Hermanas ESP"]
[Date "2005.04.03"]
[Round "3"]
[White "Hidalgo Begines,P"]
[Black "Escobar Dominguez,D"]
[Result "0-1"]
[WhiteElo "2142"]
[BlackElo "2351"]

1.d4 Nf6 2.Bg5 e6 3.e4 c5 4.Bxf6 Qxf6 5.e5 Qg6 6.dxc5 Nc6 7.Nf3 Bxc5 8.c3 O-O
9.Qd3 Qh5 10.Qe4 f6 11.exf6 Rxf6 12.Nbd2 d5 13.Qe2 e5 14.Nb3 Bb6 15.Qd2 e4
16.Nfd4 Ne5 17.Be2 Bg4 18.O-O Bxe2 19.Qxe2 Nf3+ 20.Nxf3 exf3 21.Qd3 Qg4  0-1

[Event "7th Open"]
[Site "Dubai UAE"]
[Date "2005.04.07"]
[Round "4"]
[White "Guseinov,El"]
[Black "Kotsur,P"]
[Result "0-1"]
[WhiteElo "2391"]
[BlackElo "2599"]

1.d4 Nf6 2.Bg5 e6 3.e4 h6 4.Bxf6 Qxf6 5.Nc3 Bb4 6.Ne2 Nc6 7.e5 Qh4 8.Qd3 d5
9.g3 Qd8 10.O-O-O Bf8 11.f4 Nb4 12.Qf3 c5 13.f5 Qg5+ 14.Kb1 Qxf5 15.Qxf5 exf5
16.a3 Na6 17.Nf4 Bd7 18.Bxa6 bxa6 19.Ncxd5 O-O-O 20.dxc5 Bxc5 21.b4 Bf8 22.c4 g5
23.Nh5 Be6 24.Rd4 Kb7 25.Rhd1 f4 26.gxf4 a5 27.R1d2 axb4 28.axb4 a5 29.c5 axb4
30.c6+ Kxc6 31.Nxb4+ Bxb4 32.Rxd8 Bxd2 33.Rxh8 gxf4 34.Kc2 Be3 35.Ra8 Kd5
36.Ng7 Bh3 37.Ra5+ Ke4 38.e6 Bxe6 39.Nxe6 fxe6  0-1

[Event "ch-VIE Prelim"]
[Site "Hue VIE"]
[Date "2005.04.09"]
[Round "9"]
[White "Tu Hoang Thong"]
[Black "Nguyen Thien Viet"]
[Result "0-1"]
[WhiteElo "2486"]
[BlackElo "2348"]

1.d4 Nf6 2.Bg5 e6 3.e4 Be7 4.Bd3 d6 5.Nd2 Nbd7 6.Ne2 c5 7.c3 h6 8.Bh4 e5
9.O-O g5 10.Bg3 h5 11.f3 h4 12.Bf2 Nh5 13.b4 exd4 14.cxd4 cxb4 15.Qa4 a5
16.Rac1 O-O 17.Qb5 Nb6 18.Bb1 Ng7 19.f4 d5 20.Be3 Bd7 21.Qd3 f5 22.exd5 g4
23.d6 Bxd6 24.d5 Re8 25.Rfe1 a4 26.Qd4 Bb5 27.Kf2 Ra6 28.a3 Rxe3 29.Kxe3 Bb8
30.axb4 Nxd5+ 31.Kf2 Ba7 32.Rc5 Ne6 33.Ba2 Bxc5 34.bxc5 Nxd4 35.Nxd4 Bc6
36.Re5 Qa5 37.Ke1 Qxc5 38.Nxf5 Kh7 39.Bb1 Rb6  0-1

[Event "ch-CUB GpA"]
[Site "Santa Clara CUB"]
[Date "2005.04.10"]
[Round "4"]
[White "Delgado,N"]
[Black "De la Paz,F"]
[Result "1/2-1/2"]
[WhiteElo "2567"]
[BlackElo "2461"]

1.d4 Nf6 2.Bg5 e6 3.e4 h6 4.Bxf6 Qxf6 5.Nc3 Bb4 6.Ne2 Nc6 7.Qd3 e5 8.O-O-O Bxc3
9.Qxc3 exd4 10.Nxd4 Nxd4 11.Qxd4 Qxd4 12.Rxd4 d6 13.Rb4 Ke7 14.Bc4 a5 15.Rb3 a4
16.Rc3 Ra5 17.h4 Rc5 18.Kd2 Bd7 19.b4 axb3 20.axb3 Ra8 21.Rc1 Be6 22.Bd3 Rxc3
23.Kxc3 Ra5 24.f4 g6 25.g3 Kf6 26.Kd4 h5 27.Kc3 Ra2 28.Rf1 Ra5 29.Kb2 Bh3
30.Re1 Be6 31.Re3 d5 32.exd5 Rxd5 33.Be4 Rb5 34.Ka3 Bf5 35.c4 Ra5+ 36.Kb4 b6
37.Bxf5 Rxf5 38.Re8 Rc5 39.Kc3 Rc6 40.Kb4 Rc5 41.Kc3 Rc6  1/2-1/2

[Event "GMB"]
[Site "Gausdal NOR"]
[Date "2005.04.13"]
[Round "1"]
[White "Ward,C"]
[Black "Barkhagen,J"]
[Result "1/2-1/2"]
[WhiteElo "2485"]
[BlackElo "2461"]

1.d4 Nf6 2.Bg5 e6 3.Nd2 h6 4.Bh4 d5 5.e3 c5 6.c3 Be7 7.Bd3 O-O 8.f4 b6 9.Ngf3 Ba6
10.Bxa6 Nxa6 11.Ne5 Nb8 12.O-O Nfd7 13.Bxe7 Qxe7 14.Qh5 f5 15.g4 Nxe5 16.fxe5 fxg4
17.Rxf8+ Qxf8 18.Qxg4 Qe8 19.Rf1 Nd7 20.e4 Qe7 21.exd5 exd5 22.Nf3 Rf8 23.Nh4 Rxf1+
24.Kxf1 Qf7+ 25.Ke2 Nf8 26.Nf5 Kh7 27.Nd6 Qe6 28.Qf5+ Qxf5 29.Nxf5 cxd4 30.cxd4 Ne6
31.Ke3 a6 32.Ne7 Nc7 33.e6 g5 34.Nc8 Nxe6 35.Nxb6 Nc7 36.Nd7  1/2-1/2

[Event "CES"]
[Site "Northeim GER"]
[Date "2005.04.15"]
[Round "3"]
[White "Calder,D"]
[Black "Alienkin,A"]
[Result "0-1"]
[WhiteElo "2053"]
[BlackElo "2393"]

1.d4 Nf6 2.Bg5 e6 3.e4 h6 4.Bxf6 Qxf6 5.Nc3 Bb4 6.Qd2 d5 7.e5 Qd8 8.a3 Be7
9.Nf3 c5 10.dxc5 Bxc5 11.Nb5 Nc6 12.c3 O-O 13.Bd3 a6 14.Nbd4 f6 15.exf6 Qxf6
16.O-O e5 17.Nxc6 bxc6 18.Bc2 Bg4 19.Ne1 e4 20.Kh1 Qxf2 21.Rxf2 Rxf2 22.Qxf2 Bxf2
23.c4 Rd8 24.Bd1 Bxd1 25.Rxd1 Bxe1 26.Rxe1 d4 27.Rxe4 d3 28.Re1 d2 29.Rd1 Re8  0-1

[Event "Spring Inv"]
[Site "Chicago USA"]
[Date "2005.04.16"]
[Round "1"]
[White "Georgiev,Vl"]
[Black "Chow,A"]
[Result "1-0"]
[WhiteElo "2535"]
[BlackElo "2239"]

1.d4 Nf6 2.Bg5 e6 3.Nd2 h6 4.Bh4 c5 5.e3 cxd4 6.exd4 Be7 7.Ngf3 O-O 8.c3 b6
9.Bd3 Ba6 10.Bxa6 Nxa6 11.O-O Nh5 12.Ne5 Bxh4 13.Qxh5 Nb8 14.f4 d6 15.Ng4 Kh7
16.Nf3 Be7 17.Rae1 Nd7 18.Re3 a5 19.a4 Rc8 20.Rfe1 Bf6 21.h4 Kg8 22.Ng5 hxg5
23.hxg5 g6 24.Qh4 Bg7 25.Nh6+ Bxh6 26.Qxh6 Nf6 27.Rh3 Nh5 28.g4  1-0

[Event "Torch Real Estate Cup"]
[Site "Jinan CHN"]
[Date "2005.04.20"]
[Round "1"]
[White "Lin Weiguo"]
[Black "Ye Jiangchuan"]
[Result "1/2-1/2"]
[WhiteElo "2448"]
[BlackElo "2648"]

1.d4 Nf6 2.Bg5 e6 3.e3 h6 4.Bh4 c5 5.c3 b6 6.Nf3 Bb7 7.Nbd2 Be7 8.Bd3 Nc6
9.O-O cxd4 10.exd4 O-O 11.Re1 Nd5 12.Bxe7 Ncxe7 13.a4 a6 14.Qb3 Rb8 15.Qa3 Nf6
16.Qd6 Ne8 17.Qa3 d6 18.Be4 Nf6 19.Bxb7 Rxb7 20.h3 Qc7 21.Rac1 b5 22.axb5 axb5
23.c4 Qb8 24.b3 Ra7 25.Qb4 Nfd5 26.Qxb5 Qxb5 27.cxb5 Rb7 28.Nc4 Rd8 29.Na3 Nc7
30.b6 Ncd5 31.Nc4 Nxb6 32.Na5 Ra7 33.Nc6 Nxc6 34.Rxc6 Nd5 35.Nd2 Nb4 36.Rc3 Ra2
37.Nc4 Rc8 38.Rec1 Nd5 39.Rf3 Nf6 40.Rd1 d5 41.Ne5 Rcc2 42.Nd3 Ne4 43.Nb4 Rd2
44.Rxd2 Rxd2 45.Nc6 Rd1+ 46.Kh2 Nd2 47.Rc3 Nf1+ 48.Kg1 Ng3+ 49.Kh2 Ne2 50.Ne7+ Kf8
51.Rc7 Rc1 52.Nc6 g5 53.Rc8+ Kg7 54.Ne7 Rxc8 55.Nxc8 Nxd4 56.b4 Nb5 57.Kg3 Kf6
58.Kf3 Nd4+ 59.Kg4 Ke5 60.Kh5 Nb5 61.Kxh6 d4 62.Nb6 d3 63.Nc4+ Kd4 64.Nd2 Nc3
65.Nf1 f6 66.Kg6 Ke5 67.g3 Ne4 68.h4 gxh4 69.gxh4 Nxf2 70.h5 Ng4 71.h6 Nxh6
72.Kxh6  1/2-1/2

[Event "Heroes Day Candidates"]
[Site "Bridgetown BAR"]
[Date "2005.04.30"]
[Round "6"]
[White "Mensing,F"]
[Black "Austin,D"]
[Result "0-1"]
[WhiteElo "2152"]
[BlackElo "2163"]

1.d4 Nf6 2.Bg5 e6 3.e4 h6 4.Bxf6 Qxf6 5.Nc3 d6 6.Nf3 g5 7.e5 Qe7 8.Bb5+ Bd7
9.Qe2 d5 10.h3 Nc6 11.g4 Qb4 12.Qd2 a6 13.Bxc6 Bxc6 14.h4 gxh4 15.Nxh4 Qxb2
16.Rb1 Qa3 17.Rb3 Qe7 18.f4 O-O-O 19.f5 Qg5 20.Ne2 Qxg4 21.Rg3 Qe4 22.Rhh3 Bb5
23.Re3 Qg4 24.Rh2 Bxe2 25.Rg3 Qe4 26.Re3 Qf4 27.Kxe2 Rg8 28.Qc3 Rg1 29.Rf3 Qc1
30.Qd2 Qa1 31.fxe6 fxe6 32.Rf7 Be7 33.c3 Bg5  0-1

[Event "SME Open"]
[Site "Ostrava CZE"]
[Date "2005.05.02"]
[Round "3"]
[White "Cempel,J"]
[Black "Cvek,R"]
[Result "0-1"]
[WhiteElo "2247"]
[BlackElo "2490"]

1.d4 Nf6 2.Bg5 e6 3.Nf3 c5 4.e3 cxd4 5.exd4 Be7 6.Bd3 b6 7.O-O Bb7 8.Nbd2 O-O
9.c3 d6 10.Re1 Nbd7 11.Qe2 a6 12.h3 Re8 13.Rad1 Qc7 14.Bf4 Qc6 15.Bg5 Bf8
16.Bxf6 Nxf6 17.Ne4 Nxe4 18.Qxe4 Qxe4 19.Bxe4 Bxe4 20.Rxe4 d5 21.Re3 b5 22.a3 a5
23.Ra1 f6 24.Ne1 Bd6 25.Nd3 Kf7 26.Ree1 e5 27.dxe5 fxe5 28.Rad1 Rad8 29.Nc1 Bc7
30.Re2 Bb6 31.g3 g5 32.Kg2 h5 33.Nd3 Kf6 34.Rde1 e4 35.Nc1 Kf5 36.Rd1 g4
37.Red2 gxh3+ 38.Kxh3 Ke5 39.Re2 Kd6 40.Nb3 a4 41.Nd4 Bxd4 42.Rxd4 Re5 43.Rb4 Kc5
44.Rd4 Rf5 45.Red2 Re8 46.Re2 Ref8 47.Kg2 h4 48.gxh4 Rg8+ 49.Kf1 Rg4 50.Re3 Rxh4
51.Rg3 Rh2 52.Rd2 Kc4 53.Rd4+ Kc5 54.Rd2 Rf3 55.Ke1 Rf5 56.Ke2  0-1

[Event "SME Open"]
[Site "Ostrava CZE"]
[Date "2005.05.04"]
[Round "5"]
[White "Lys,J"]
[Black "Chladny,R"]
[Result "1-0"]
[WhiteElo "2198"]
[BlackElo "2086"]

1.d4 Nf6 2.Bg5 e6 3.e3 c5 4.c3 cxd4 5.exd4 Be7 6.Bd3 b6 7.Nd2 Bb7 8.Ngf3 d6
9.O-O Nbd7 10.Qe2 O-O 11.Nc4 Re8 12.Nfd2 Qc7 13.f4 h6 14.Bh4 Nd5 15.Bg3 N7f6
16.f5 Bf8 17.fxe6 Rxe6 18.Qf2 b5 19.Na3 Ne3 20.Nxb5 Qc6 21.c4 Nxf1 22.Rxf1 Qb6
23.Qf4 a6 24.Bf2 axb5 25.d5 Nxd5 26.cxd5 Rf6 27.Qe4  1-0

[Event "Open A"]
[Site "Djakovo CRO"]
[Date "2005.05.06"]
[Round "8"]
[White "Doric,D"]
[Black "Ascic,P"]
[Result "1-0"]
[WhiteElo "2368"]
[BlackElo "2375"]

1.d4 Nf6 2.Bg5 e6 3.e4 c5 4.e5 h6 5.Bc1 Nd5 6.c4 Nb6 7.dxc5 Bxc5 8.Qg4 g6
9.Nf3 d6 10.a3 a5 11.Bf4 Nc6 12.Nc3 dxe5 13.Nxe5 Qd4 14.Qg3 g5 15.Be3 Qxe5
16.Qxe5 Nxe5 17.Bxc5 Nbd7 18.Bd6 f6 19.Nb5 Kf7 20.Be2 h5 21.c5 a4 22.O-O g4
23.Rfd1 b6 24.cxb6 Nxb6 25.Rac1 Ba6 26.Bxe5 Bxb5 27.Rc7+ Kg6 28.Bxb5 fxe5
29.Rc6 Rhb8 30.Rxe6+ Kf5 31.Rdd6 Nd5 32.Bd3+  1-0

[Event "ch-FRA National 1"]
[Site "Lille FRA"]
[Date "2005.05.06"]
[Round "9"]
[White "Winants,L"]
[Black "Van Elst,A"]
[Result "1/2-1/2"]
[WhiteElo "2535"]
[BlackElo "2245"]

1.d4 Nf6 2.Bg5 e6 3.e3 Be7 4.c4 b6 5.Nc3 Bb7 6.Qc2 d6 7.Nf3 Nbd7 8.Rd1 h6
9.Bxf6 Bxf6 10.d5 O-O 11.Be2 Bxc3+ 12.Qxc3 Qf6 13.Qc2 Ne5 14.O-O Nxf3+ 15.Bxf3 e5
16.b4 a5 17.a3 axb4 18.axb4 Ra3 19.Qb2 Rfa8 20.Ra1 Rxa1 21.Rxa1 Rxa1+ 22.Qxa1 Qd8
23.e4 Kf8 24.Bg4 Ke7 25.f4 f6 26.Qa7 Bc8 27.Bxc8 Qxc8 28.f5 Qd7 29.Kf2 Kf7
30.Qb8 Qa4 31.Qxc7+ Kg8  1/2-1/2

[Event "Torch Real Estate Cup"]
[Site "Wuxi CHN"]
[Date "2005.05.08"]
[Round "7"]
[White "Wang Wenhao"]
[Black "Zhao Jun"]
[Result "1/2-1/2"]
[WhiteElo "2387"]
[BlackElo "2521"]

1.d4 Nf6 2.Bg5 e6 3.e4 h6 4.Bxf6 Qxf6 5.Nc3 a6 6.Nf3 d6 7.Qd2 Nd7 8.O-O-O g5
9.Kb1 Bg7 10.e5 Qe7 11.exd6 cxd6 12.g4 b5 13.h4 Bb7 14.Bg2 Nb6 15.hxg5 hxg5
16.Rxh8+ Bxh8 17.Qd3 O-O-O 18.Ne4 Nd5 19.Bf1 f6 20.Ned2 Kb8 21.Qb3 Ka7 22.a4 b4
23.Bc4 a5 24.Re1 Qf7 25.Bb5 Nf4 26.Nc4 Bd5 27.Nfd2 Qh7 28.Qg3 Rc8 29.Rc1 Qc7
30.Qe3 Ng2 31.Qe2 Nf4 32.Qe3 Kb8 33.f3 f5 34.Qf2 Qa7 35.gxf5 Bxd4 36.Qg3 e5
37.Qxg5 Qc7 38.Qh6 Rd8 39.f6 Be6 40.Nb3 Bxc4 41.Nxd4 Bd5 42.Ne2 Ne6 43.f4 b3
44.cxb3 Qb6 45.fxe5 dxe5 46.f7 Qf2 47.Nc3 Bxb3 48.Qh5 Qc5 49.Re1 Nf4 50.Qxe5+ Qxe5
51.Rxe5 Bxf7 52.Kc2 Ne6 53.Kb1 Nd4 54.Bd3 Nf3 55.Rb5+ Kc7 56.Rc5+ Kb6 57.Rb5+ Kc7
58.Rc5+ Kb6  1/2-1/2

[Event "ch-EST"]
[Site "Tallinn EST"]
[Date "2005.05.14"]
[Round "7"]
[White "Kalinitschew,S"]
[Black "Kulaots,K"]
[Result "1/2-1/2"]
[WhiteElo "2487"]
[BlackElo "2572"]

1.d4 Nf6 2.Bg5 e6 3.e4 h6 4.Bxf6 Qxf6 5.Qd2 d6 6.Nc3 c6 7.f4 e5 8.dxe5 dxe5
9.f5 Qd6 10.Bd3 Be7 11.Nf3 Nd7 12.O-O-O b5 13.Kb1 Qc7 14.g4 Nc5 15.h4 Ba6
16.Ne2 O-O-O 17.Qe3 Na4 18.g5 c5 19.c4 bxc4 20.Bc2 Bb5 21.Qa3 Nb6 22.Nc3 Bc6
23.Qa6+ Kb8 24.Nb5 Qb7 25.Qxb7+ Kxb7 26.Nc3 Rxd1+ 27.Rxd1 hxg5 28.hxg5 f6
29.gxf6 Bxf6 30.Rg1 Kc7 31.a4 a5 32.Ng5 Bd7 33.Nf3 Rh3 34.Nd2 Rh2 35.Kc1 Bc6
36.Nf3 Rh5 37.Bd1 Rh7 38.Nd2 Kd7 39.Nf3 Ke7 40.Nd2 Kf7 41.Nf3 Rh3 42.Nd2 Rh4
43.Nf3 Rf4 44.Nd2 Be7 45.Ne2 Rf2 46.Nc3 Rf4 47.Ne2 Rh4 48.Nc3 Rf4  1/2-1/2

[Event "Chigorin CC"]
[Site "St Petersburg RUS"]
[Date "2005.05.18"]
[Round "3"]
[White "Abramov,Valen"]
[Black "Bagrunov,V"]
[Result "1-0"]
[WhiteElo "2263"]
[BlackElo "2093"]

1.d4 Nf6 2.Bg5 e6 3.e4 Be7 4.e5 Ng8 5.Bxe7 Nxe7 6.Nf3 d6 7.Bd3 b6 8.O-O Bb7
9.Nc3 Ng6 10.Re1 O-O 11.exd6 cxd6 12.Ne4 h6 13.c3 Nf4 14.Bc2 f5 15.Ng3 g5
16.Bb3 Qf6 17.Nh5 Qd8 18.Nxf4 gxf4 19.Rxe6 Kh7 20.Qd2 Bc8 21.Ree1 Nd7 22.Qxf4 Nf6
23.Qh4 Kg7 24.Be6 Bxe6 25.Rxe6 Qd7 26.Qg3+ Kf7 27.Rxd6  1-0

[Event "30th Elekes Mem IM"]
[Site "Budapest HUN"]
[Date "2005.05.21"]
[Round "1"]
[White "Koneru,C"]
[Black "Somogyi,I"]
[Result "1/2-1/2"]
[WhiteElo "2305"]
[BlackElo "2250"]

1.d4 Nf6 2.Bg5 e6 3.Nd2 d5 4.e3 Be7 5.Bd3 Nbd7 6.f4 c5 7.c3 h6 8.Bxf6 Nxf6
9.Nh3 Bd7 10.O-O Qb6 11.Rb1 Bb5 12.Bxb5+ Qxb5 13.Nf2 Bd6 14.Nf3 cxd4 15.Nxd4 Qd7
16.Qf3 O-O 17.Rbd1 Rac8 18.Kh1 a6 19.e4 dxe4 20.Nxe4 Nxe4 21.Qxe4 Rfe8 22.f5 exf5
23.Qh4 Re4 24.Qh3 g6 25.Qxh6 Bf8 26.Qc1 Qe7 27.Nf3 Rd8 28.Rxd8 Qxd8 29.Re1 Qd5
30.b3 Qd3 31.Rd1 Qe2  1/2-1/2

[Event "Dueball mem"]
[Site "Solingen GER"]
[Date "2005.05.22"]
[Round "1"]
[White "Balduan,M"]
[Black "Auer,M"]
[Result "1/2-1/2"]
[WhiteElo "2348"]
[BlackElo "2338"]

1.d4 Nf6 2.Bg5 e6 3.Nd2 c5 4.e3 Be7 5.Bd3 b6 6.Ngf3 Bb7 7.c3 O-O 8.O-O cxd4
9.cxd4 Nc6 10.a3 Nd5 11.Bxe7 Qxe7 12.Qe2 Rac8 13.Ba6 d6 14.Rac1 Rfd8 15.Rc2 Nb8
16.Rxc8 Rxc8  1/2-1/2

[Event "30th Elekes Mem IM"]
[Site "Budapest HUN"]
[Date "2005.05.23"]
[Round "3"]
[White "Koneru,C"]
[Black "Katsuhara,O"]
[Result "1-0"]
[WhiteElo "2305"]
[BlackElo "2106"]

1.d4 Nf6 2.Bg5 e6 3.Nd2 c5 4.e3 cxd4 5.exd4 b6 6.Qf3 Nc6 7.O-O-O Be7 8.Bd3 Bb7
9.Bxf6 Bxf6 10.Ne4 Be7 11.Qg3 O-O 12.c3 d5 13.Nd2 a6 14.h4 b5 15.a3 Qb6 16.Nh3 a5
17.Ng5 h6 18.Bh7+ Kh8 19.Bc2 Bf6 20.Qd3 g6 21.Nxe6 fxe6 22.Qxg6 Qc7 23.Qxh6+ Kg8
24.Rh3 Rf7 25.Rg3+ Bg7 26.Qxe6 Kf8 27.Nf3 Re8 28.Ng5 Qf4+ 29.Kb1 Rxe6 30.Nxe6+ Kg8
31.Rxg7+ Kh8 32.Nxf4 Kxg7 33.g3 Ne7 34.Ne6+ Kh6 35.Nd8  1-0

[Event "30th Elekes Mem GM"]
[Site "Budapest HUN"]
[Date "2005.05.24"]
[Round "4"]
[White "Hoang Thanh Trang"]
[Black "Fogarasi,T"]
[Result "0-1"]
[WhiteElo "2470"]
[BlackElo "2462"]

1.d4 Nf6 2.Bg5 e6 3.Nd2 h6 4.Bh4 c5 5.dxc5 Bxc5 6.e4 Nc6 7.Ngf3 d6 8.c3 O-O
9.Bd3 a6 10.O-O e5 11.b4 Ba7 12.a4 a5 13.Qb3 axb4 14.cxb4 Nd4 15.Nxd4 Bxd4
16.Bxf6 Qxf6 17.Rac1 Bh3 18.Nf3 Qg6 19.Ne1 Rac8 20.Rxc8 Rxc8 21.Bc4 Be6 22.Bxe6 Qxe6
23.Qxe6 fxe6 24.Nf3 Rc2 25.Nxd4 exd4 26.Rb1 Kf7 27.f4 Kf6 28.a5 Ra2 29.Rb3 e5
30.f5 d5 31.exd5 e4 32.d6 d3 33.Rb1 e3 34.g4 Rc2 35.d7 Ke7 36.Rd1 Kd8 37.Rxd3 Rc1+  0-1